| 000 | 01174naa a22003257a 4500 | ||
|---|---|---|---|
| 001 | BR8104312 | ||
| 003 | BR-BrBNA | ||
| 005 | 20240918174751.0 | ||
| 007 | ta | ||
| 008 | 230509b bl.||||| |||| 00| 0 por d | ||
| 040 |
_aBR-BrBNA _bpor _cBiblioteca Nacional de Agricultura |
||
| 041 | _a(Pt) | ||
| 072 |
_aF00 _b0150 _bG514 |
||
| 090 | _aF00 BR8104312 | ||
| 100 | 1 | _aRamos, M.G. | |
| 100 | 1 | _aDittrich, R.C. | |
| 111 | 1 |
_a11. Reuniao da Cultura do Arroz Irrigado _cPelotas, RS (Brazil) _d15 Sep 1981 |
|
| 245 | 1 | _aEfeito da altura de corte na colheita do arroz sobre o rendimento do cultivo da soca [arroz irrigado, Oryza sativa, Rio Grande do Sul; Brasil] | |
| 260 | 3 |
_aPelotas, RS (Brasil): _c1981. |
|
| 500 | _aAnais da 11. Reuniao da Cultura do Arroz Irrigado Pelotas, RS (Brasil): 1981. p. 137-140 (BR8104312-AM)F00 | ||
| 650 | _aCOLHEITA | ||
| 650 | _aRENDIMENTO | ||
| 650 | _aGRAO | ||
| 650 | _aSOCA | ||
| 650 | _aARROZ IRRIGADO | ||
| 650 | _aRIO GRANDE DO SUL | ||
| 773 | 0 |
_tAnais da 11. Reuniao da Cultura do Arroz Irrigado _wF00 BR8104312 _gPelotas, RS (Brasil), 1981. p. 137-140 |
|
| 909 |
_a202404 _bLucia _c55 _dLucia Elande |
||
| 942 |
_cAM _2AGRIS |
||
| 999 |
_c313434 _d313434 |
||